Una conversación sobre transformaciones de la sociedad, migración transnacional y trayectorias de vida /
El diálogo entre Bela y Nina recorre la vida política, social y cultural de tres décadas, a partir de los años sesenta, en América Latina y los Estados Unidos. Acontecimientos como la guerra de Vietnam, los derechos civiles, la cuestión racial, el feminismo, los migrantes y exilios influyeron en la...
Saved in:
| Main Author: | |
|---|---|
| Other Authors: | |
| Format: | Text |
| Subjects: | |
| Tags: |
Add Tag
No Tags, Be the first to tag this record!
|
MARC
| LEADER | 00000 a a2200000 04500 | ||
|---|---|---|---|
| 001 | 43149 | ||
| 003 | |||
| 040 | |||
| 100 | |a Feldeman-Bianco, Bela | ||
| 245 | |a Una conversación sobre transformaciones de la sociedad, migración transnacional y trayectorias de vida / |c Bela Geldman-Bianco y Nina Glick Schiller | ||
| 520 | |a El diálogo entre Bela y Nina recorre la vida política, social y cultural de tres décadas, a partir de los años sesenta, en América Latina y los Estados Unidos. Acontecimientos como la guerra de Vietnam, los derechos civiles, la cuestión racial, el feminismo, los migrantes y exilios influyeron en la orientación y en la praxis de los estudios académicos de ambas investigadoras. | ||
| 590 | |a RRA/AGOSTO2012 | ||
| 650 | |a ENTREVISTAS | ||
| 650 | |a BELA FELDMAN BIANCO | ||
| 650 | |a NINA GLICK SCHILLER | ||
| 650 | |a HISTORIA SOCIAL | ||
| 650 | |a ESTADOS UNIDOS | ||
| 650 | |a MARXISMO | ||
| 650 | |a INMIGRANTES | ||
| 650 | |a DISCRIMINACION | ||
| 650 | |a XENOFOBIA | ||
| 650 | |a ETNOGRAFIA | ||
| 700 | |a Glick Schiller, Nina | ||
| 773 | |g volumen3, número5 (Primer Semestre, 2011), 9-42 páginas | ||
| 999 | |c 24041 |d 24041 | ||
